000
00288nam a22001337a 4500
008
170405b xxu||||| |||| 00| 0 eng d
020
_a
0060463279
041
_a
eng
080
_2
2ND
_a
574
100
_a
9
101
_a
SHM
245
_a
ELEMENTS OF ECOLOGY
_c
SMITH, R.L
942
_2
udc
_c
BK
999
_c
9756
_d
9756